| 000 | 00579cam a2200157 4500 | ||
|---|---|---|---|
| 001 | WS108660 | ||
| 008 | 000000n 000 0 eng u | ||
| 035 | _a(Sirsi) u108660 | ||
| 110 |
_aMeteorological Office _91277 |
||
| 245 | _aMeteorological Office | ||
| 520 | _aWeb site giving weather forecasts and a list of services offered to business by sector, includes agriculture, architecture, building and construction. | ||
| 650 | _aWEATHER FORECASTS | ||
| 650 | _aWEATHER | ||
| 856 | 4 | 0 |
_uhttps://www.meto.gov.uk _zView the website free of charge at www.meto.gov.uk... |
| 942 | _n0 | ||
| 999 |
_c119673 _d119673 |
||